000 00449nam a2200169Ia 4500
003 OSt
005 20260306150905.0
008 211028s2009 xx 000 0 und d
040 _cAIMIT LIBRARY
041 _aeng
100 _aD S, Spoorthi; Manimozhi.
_g60471459
_93081
110 _aPavithra Uchil.
_93082
245 _aQuery builder for saral tax /
260 _aMangalore
_c2009
710 _aDistrict Poloce Office
_93083
942 _2ddc
_cPRO
999 _c217112
_d217112